IRB model na výpočet kapitálovej požiadavky podľa Bazileja II

Analýza základného prístupu založeného na internom ratingu (Internal Rating Based Approach ), ktorý sa používa na meranie kreditného rizika.

Saved in:
Bibliographic Details
Main Author: Sivák, Rudolf, 1955-
Other Authors: Gertler, Ľubomíra, 1977-
Format: Book Chapter
Language:Slovak
Subjects:
Tags: Add Tag
No Tags, Be the first to tag this record!

MARC

LEADER 00000naa$a2200000$$$4500
001 0086788
005 20240502071959.3
041 0 |a slo 
044 |a SK 
245 1 0 |a IRB model na výpočet kapitálovej požiadavky podľa Bazileja II  |c Rudolf Sivák, Ľubomíra Gertler 
520 |a Analýza základného prístupu založeného na internom ratingu (Internal Rating Based Approach ), ktorý sa používa na meranie kreditného rizika. 
610 2 0 |a riziko úverové 
610 2 0 |a analýza ekonomická 
610 2 0 |a banky 
610 2 0 |a zdroje finančné 
610 2 0 |a dohľad bankový 
610 2 0 |a rating úverový 
100 1 |a Sivák, Rudolf, 1955- 
700 1 |a Gertler, Ľubomíra, 1977-